Environmental economics and sustainable development : (Record no. 56592)

MARC details
000 -LEADER
fixed length control field 00945nam a22002417a 4500
005 - DATE AND TIME OF LATEST TRANSACTION
control field 20110914123147.0
008 - FIXED-LENGTH DATA ELEMENTS--GENERAL INFORMATION
fixed length control field 110914t xxu||||| |||| 00| 0 eng d
010 ## - LCCN (DPL NO)
LC control number ENG-103688
020 ## - INTERNATIONAL STANDARD BOOK NUMBER
International Standard Book Number 9788184503487
Terms of availability 1280.00
035 ## - SYSTEM CONTROL NUMBER
System control number EN-87221
037 ## - SOURCE OF ACQUISITION
Source of stock number/acquisition DBAD/PUB
040 ## - CATALOGING SOURCE
Original cataloging agency DPL
Language of cataloging Eng
082 ## - DEWEY DECIMAL CLASSIFICATION NUMBER
Classification number 333.7
100 ## - MAIN ENTRY--PERSONAL NAME
Personal name Sen, Raj Kumar
9 (RLIN) 34730
245 ## - TITLE STATEMENT
Title Environmental economics and sustainable development :
Statement of responsibility, etc by Raj Kumar Sen [and] Somnath Hazra
Remainder of title some emerging issues /
260 ## - PUBLICATION, DISTRIBUTION, ETC. (IMPRINT)
Place of publication, distribution, etc New Delhi
Name of publisher, distributor, etc Deep and Deep Publications
Date of publication, distribution, etc 2011
270 ## - ADDRESS
Address F-159, Rajouri Garden
City New Delhi
Postal code 110027
300 ## - PHYSICAL DESCRIPTION
Extent xiv,357p.
Dimensions 23cm (Hb)
500 ## - GENERAL NOTE
General note Includes bibliographical references and index
700 ## - ADDED ENTRY--PERSONAL NAME
9 (RLIN) 34731
Personal name Hazra, Somnath
942 ## - ADDED ENTRY ELEMENTS (KOHA)
Source of classification or shelving scheme Dewey Decimal Classification
Item type English Books
Call number suffix SEN
Classification part 333.7
Holdings
Withdrawn status Lost status Source of classification or shelving scheme Damaged status Not for loan Collection code Home library Current library Date acquired Source of acquisition Cost, normal purchase price Total Checkouts Full call number Barcode Date last seen Copy number Cost, replacement price Koha item type
    Dewey Decimal Classification   Not For Loan Non-fiction D.B.Act.Division D.B.Act.Division 14/09/2011 DBAD/PUB 1280.00   333.7 SEN EN-87221 14/09/2011 1 1280.00 English Books

© Delhi Public Library
Hit Counter
free hit counter